| 000 | 01530nam0a2200349 4500 | ||
|---|---|---|---|
| 001 | RU\NLR\bibl\501879 | ||
| 005 | 20260406150547.0 | ||
| 010 |
_a5-7107-7711-0 _95000 |
||
| 021 |
_aRU _b2004-5368 _9274 |
||
| 035 | _a(NLR Aleph) 000494473 | ||
| 090 |
_a1134430 _c1134430 |
||
| 100 | _a20040318d2004 |||y0rusy50 ca | ||
| 101 | 0 | _arus | |
| 102 | _aRU | ||
| 105 | _ay ||||||||| | ||
| 200 | 1 |
_aЗадачи по химии и способы их решения _e8-9 кл. _fО.С. Габриелян, П.В. Решетов, И.Г. Остроумов |
|
| 210 |
_aМ. _cДрофа _d2004 |
||
| 215 |
_a158 с. _d20 |
||
| 225 | 1 |
_aТемы школьного курса _iХимия |
|
| 225 | 1 | _aУчимся решать задачи | |
| 606 | 0 |
_aХимия _xЗадачи _xРешение _91882966 _3RU\NLR\auth\661146220 |
|
| 606 | 0 |
_aХимия _jУчебные издания для средней школы _xЗадачи _xРешение _91882966 _3RU\NLR\auth\661146220 |
|
| 686 | _aГ1я721-41 | ||
| 700 | 1 |
_4070 _8rus _7ca _aГабриелян _bО. С. _cканд. пед. наук _gОлег Сергеевич _3RU\NLR\auth\775057 _9115027 |
|
| 701 | 1 |
_aРешетов _bП. В. _gПавел Владимирович _4070 |
|
| 701 | 1 |
_4070 _8rus _7ca _aОстроумов _bИ. Г. _f1962- _gИгорь Геннадьевич _3RU\NLR\auth\7747133 _930068 |
|
| 801 | 0 |
_aRU _bNLR _c20040318 _gPSBO |
|
| 801 | 1 |
_aRU _bNLR _c20040318 |
|
| 830 | _a2-й и 3-й авт. по кн. | ||
| 942 | _cBOOK | ||
| 980 | _aNB | ||